Countries with the Lowest Life Expectancy Rate - Statistics

General Stats
  • This quiz has been taken 463 times
  • The average score is 13 of 20
Answer Stats
Hint Answer % Correct
#10 Chad
82%
#9 DR Congo
80%
#17 Somalia
80%
#18 Nigeria
79%
#15 Mali
76%
#1 Central African Republic
69%
#4 Zimbabwe
69%
#6 Zambia
68%
#3 Sierra Leone
66%
#13 Angola
64%
#12 Burundi
64%
#2 Lesotho
64%
#20 Malawi
64%
#11 Mozambique
63%
#14 Cameroon
60%
#7 Afghanistan
57%
#5 Guinea-Bissau
57%
#19 South Africa
54%
#8 Swaziland
54%
#16 Equatorial Guinea
46%
No matching quizzes found
Score Distribution
Percent of People with Each Score
Percentile by Number Answered
Your Score History
You have not taken this quiz